The Happy Fits - Dirty Imbecile Lyrics - Statistics

General Stats
  • This quiz has been taken 3 times
  • The average score is 230 of 474
Answer Stats
Answer % Correct
I
100%
(I
100%
I'm
100%
(I'm
100%
my
100%
and
67%
And
67%
be
67%
(be
67%
Be
67%
come
67%
complete
67%
Count
67%
(count
67%
daddy
67%
dead
67%
dirty
67%
good
67%
imbecile
67%
imbecile)
67%
in
67%
inside
67%
inside)
67%
little
67%
me
67%
No
67%
scars
67%
the
67%
these
67%
You
67%
you
67%
you)
67%
all
33%
All
33%
(all
33%
am
33%
Am
33%
(am
33%
anything
33%
atmosphere
33%
atmosphere)
33%
away
33%
beating
33%
before
33%
behind
33%
blood
33%
bourgeoisie
33%
boy
33%
boy)
33%
breathing
33%
But
33%
but
33%
care
33%
Cause
33%
city
33%
could
33%
could)
33%
crazy
33%
cry
33%
cute
33%
Damn
33%
damn
33%
darkness
33%
Darling
33%
dawn
33%
dearest
33%
don't
33%
down
33%
dozens
33%
dumb
33%
enough
33%
Enough
33%
(enough
33%
fear
33%
feel
33%
fibers
33%
find
33%
for
33%
get
33%
give
33%
got
33%
head
33%
heart
33%
If
33%
I'll
33%
invincible
33%
is
33%
Is
33%
I've
33%
just
33%
left
33%
lie
33%
Love
33%
love
33%
lungs
33%
many
33%
messed
33%
mum
33%
never
33%
Of
33%
of
33%
of)
33%
one
33%
out
33%
play
33%
pretty
33%
really
33%
run
33%
say
33%
scared
33%
see
33%
seems
33%
smart
33%
so
33%
So
33%
(so
33%
starts
33%
stop
33%
Sure
33%
sweat
33%
tell
33%
that
33%
they
33%
They're
33%
things
33%
this
33%
to
33%
too
33%
tough
33%
town
33%
tried
33%
truth
33%
truth)
33%
unaware
33%
understand
33%
until
33%
up
33%
Voices
33%
want
33%
ways
33%
we're
33%
what
33%
When
33%
when
33%
(when
33%
where
33%
wholly
33%
wise
33%
won't
33%
young
33%
young)
33%
how
0%
No matching quizzes found
Score Distribution
Percent of People with Each Score
Percentile by Number Answered
Your Score History
You have not taken this quiz